| Tag |
First Indicator |
Second Indicator |
Subfields |
| LEADER |
00000pam a2200000 a 4500 |
| 001 |
in00000085327 |
| 005 |
20151008055835.0 |
| 008 |
800926s1980 cau b 00010 engm |
| 010 |
|
|
|a 80025397
|
| 020 |
|
|
|a 0932790232 :
|c $5.00
|
| 035 |
|
|
|a (OCoLC)06864440
|
| 035 |
|
|
|9 AAJ4529AM
|
| 040 |
|
|
|a DLC
|c DLC
|d m.c.
|d TXA
|d UtOrBLW
|
| 043 |
|
|
|a n-us---
|
| 049 |
|
|
|a TXAM
|c [387798]
|
| 050 |
0 |
0 |
|a RA395.A3
|b G66
|
| 082 |
0 |
|
|a 362.1/068
|2 19
|
| 100 |
1 |
|
|a Goodman, John C.
|
| 245 |
1 |
4 |
|a The regulation of medical care :
|b is the price too high? /
|c John C. Goodman.
|
| 264 |
|
1 |
|a San Francisco, Calif. :
|b Cato Institute,
|c [1980]
|
| 264 |
|
4 |
|c ©1980
|
| 300 |
|
|
|a 135 pages ;
|c 23 cm.
|
| 336 |
|
|
|a text
|b txt
|2 rdacontent
|
| 337 |
|
|
|a unmediated
|b n
|2 rdamedia
|
| 338 |
|
|
|a volume
|b nc
|2 rdacarrier
|
| 490 |
1 |
|
|a Cato public policy research monograph ;
|v no. 3
|
| 490 |
1 |
|
|a Studies in domestic issues and education
|
| 504 |
|
|
|a Includes bibliographical references.
|
| 650 |
|
0 |
|a Medical policy
|z United States.
|
| 650 |
|
0 |
|a Medical economics
|z United States.
|
| 650 |
|
0 |
|a Competition
|z United States.
|
| 650 |
|
0 |
|a Medical laws and legislation
|z United States.
|
| 830 |
|
0 |
|a Cato public policy research monograph ;
|v no. 3.
|
| 830 |
|
0 |
|a Studies in domestic issues and education.
|
| 999 |
|
|
|a MARS
|
| 999 |
f |
f |
|s 02760d9e-0c91-3411-b226-4b52a9adfa1f
|i 95ce881c-2d05-38cd-aedc-445e14b299c8
|t 0
|
| 952 |
f |
f |
|p ric
|a Texas A&M University
|b Rellis Campus
|c Joint Library Facility
|d Remote Storage
|t 0
|e RA395.A3 G66
|h Library of Congress classification
|i unmediated -- volume
|m A14806227314
|
| 998 |
f |
f |
|a RA395.A3 G66
|t 0
|l Remote Storage
|